000 01040nam a2200313Ia 4500
003 OSt
005 20221007125637.0
006 a|||||r|||| 00| 0
007 ta
008 221006b |||||||| |||| 00| 0 eng d
020 _a0824702549 (hbd)
_cRs.9817.50
024 _a17951
037 _b1353/2005-06, 20/03/2006, Educational Book Agency (India)
_cTextual
040 _aCDL
_cCDL
_beng
041 _2eng
_aeng
082 _aE:221, P2 Carc
100 _aRosoff Morton Ed.
_9722258
245 0 _aNano-surface chemistry
260 _aNew
_bYork Marcel Dekker, Inc.
_c2002
300 _axi, 678p.
_ccm.
500 _aIncludes bibliographical references.; Index 675-678p.
650 _a Nano surface chemistry
_9722259
650 _a Nanometric
_9722260
650 _a Nanoscale
_9722261
650 _a Surface chemistry
_9718584
650 _aChemistry
942 _hE:221, P2 Carc
_cTEXL
_2CC
999 _c1215639
_d1215639